[Event "Nienberge - Aachen"]
[Site "?"]
[Date "2024.04.07"]
[Round "8.3"]
[White "Bodicky, Michal"]
[Black "Ringwelski, Marius"]
[Result "1-0"]
[WhiteElo "2236"]
[BlackElo "1975"]
[PlyCount "89"]
[EventDate "2024.??.??"]
[SourceVersionDate "2023.09.04"]

1. d4 d5 2. c4 c6 3. Nc3 Nf6 4. e3 e6 5. Nf3 Nbd7 6. Be2 Bd6 7. O-O O-O 8. b3 Ne4 9. Nxe4 dxe4 10. Nd2 f5 11. Bb2 Rf6 12. f4 Rh6 13. Rf2 g5 14. Nf1 Nf8 15. Qd2 gxf4 16. exf4 Qe7 17. c5 Bc7 18. Ne3 Ng6 19. g3 Qf7 20. Qc3 Qg7 21. Bc4 Ne7 22. Rg2 Rg6 23. Rf1 Nd5 24. Qe1 Bd7 25. b4 b5 26. Bb3 a5 27. a3 axb4 28. axb4 Bd8 29. Qd2 h5 30. Nxd5 exd5 31. Kh1 Be8 32. Rgg1 Rf6 33. Ra1 Rxa1 34. Rxa1 Qb7 35. Bd1 h4 36. Ra3 Rh6 37. g4 fxg4 38. Bxg4 Qe7 39. Bc1 Rh7 40. Ra8 Bh5 41. Bxh5 Rxh5 42. Qg2+ Kf8 43. Qg6 Rh8 44. Be3 Rg8 45. Qxc6 1-0

[Event "Nienberge - Aachen"]
[Site "?"]
[Date "2024.04.07"]
[Round "8.4"]
[White "Gottkehaskamp, Stefan"]
[Black "Lamby, Philipp"]
[Result "0-1"]
[WhiteElo "2069"]
[BlackElo "2211"]
[PlyCount "48"]
[EventDate "2024.??.??"]
[SourceVersionDate "2023.09.04"]

1. d4 Nf6 2. Bf4 d5 3. e3 c5 4. c3 Nc6 5. Nf3 Qb6 6. Qb3 c4 7. Qc2 g6 8. h3 Bg7 9. Nbd2 Bf5 10. Qc1 h6 11. Bh2 g5 12. g4 Bh7 13. Be2 Ne4 14. O-O f5 15. Nxe4 fxe4 16. Nd2 e5 17. b3 cxb3 18. Rb1 O-O 19. Rxb3 Qc7 20. c4 Rac8 21. cxd5 Nxd4 22. exd4 Qxc1 23. Rxc1 Rxc1+ 24. Kg2 exd4 0-1

[Event "Nienberge - Aachen"]
[Site "?"]
[Date "2024.04.07"]
[Round "8.5"]
[White "Huesmann, Thomas"]
[Black "Kemper, Georg"]
[Result "1/2-1/2"]
[WhiteElo "2173"]
[BlackElo "1973"]
[PlyCount "84"]
[EventDate "2024.??.??"]
[SourceVersionDate "2023.09.04"]

1. e4 e6 2. d4 d5 3. Nc3 Bb4 4. Nge2 Nc6 5. e5 b6 6. Ng3 Bb7 7. a3 Bf8 8. Be3 Qd7 9. Bd3 Nge7 10. f4 g6 11. O-O Nf5 12. Nxf5 gxf5 13. Qe2 h5 14. Nb1 Be7 15. Nd2 f6 16. exf6 Bxf6 17. c3 O-O-O 18. b4 Rdg8 19. Nf3 Nd8 20. a4 Nf7 21. a5 Nd6 22. axb6 axb6 23. Ba6 Bxa6 24. Rxa6 Kd8 25. Ne5 Bxe5 26. fxe5 Ne4 27. Ra8+ Ke7 28. Rxg8 Rxg8 29. Qxh5 Qe8 30. Qh4+ Kd7 31. Rc1 Qg6 32. g3 b5 33. Ra1 Rg7 34. Ra8 Rg8 35. Ra3 Rg7 36. Qf4 Qh5 37. Qh6 Qd1+ 38. Kg2 Qe2+ 39. Kg1 Qe1+ 40. Kg2 Qe2+ 41. Kg1 Qe1+ 42. Kg2 Qe2+ 1/2-1/2

[Event "Nienberge - Aachen"]
[Site "?"]
[Date "2024.04.07"]
[Round "8.6"]
[White "Haas, Kai Markus"]
[Black "Breitkopf-Lazar, Patrick-Robert"]
[Result "0-1"]
[WhiteElo "1967"]
[BlackElo "1886"]
[PlyCount "86"]
[EventDate "2024.??.??"]
[SourceVersionDate "2023.09.04"]

1. d3 d5 2. e4 dxe4 3. Nc3 Nf6 4. Bg5 Bg4 5. Qd2 Nc6 6. Nxe4 Nxe4 7. dxe4 Qxd2+ 8. Bxd2 e5 9. f3 Be6 10. a3 Bc5 11. Bb5 Ke7 12. Bxc6 bxc6 13. O-O-O Bc4 14. Nh3 f6 15. Bc3 g5 16. Bb4 Bxb4 17. axb4 Rhb8 18. Kd2 Rxb4 19. Kc3 c5 20. Ra1 Be6 21. Nf2 Rc4+ 22. Kd2 Rd4+ 23. Kc1 h5 24. Ra5 c4 25. h3 a6 26. Rd1 Kd7 27. Rxd4+ exd4 28. h4 Rg8 29. g3 gxh4 30. gxh4 Rg2 31. Nd1 d3 32. cxd3 cxd3 33. Ra3 Bc4 34. Ne3 Rg1+ 35. Kd2 Bb5 36. Nd5 Rg2+ 37. Kd1 Rf2 38. Nxf6+ Kd6 39. Nxh5 Rxf3 40. Ng7 Ke5 41. Kd2 Rf2+ 42. Kc3 Rc2+ 43. Kb3 Bc4+ 0-1

[Event "Nienberge - Aachen"]
[Site "?"]
[Date "2024.04.07"]
[Round "8.7"]
[White "Winkels, Marcel"]
[Black "Wetterau, Georg"]
[Result "1-0"]
[WhiteElo "1915"]
[BlackElo "1893"]
[PlyCount "101"]
[EventDate "2024.??.??"]
[SourceVersionDate "2023.09.04"]

1. e4 e5 2. Nf3 Nc6 3. Bb5 a6 4. Ba4 Nf6 5. O-O Be7 6. Re1 b5 7. Bb3 Bb7 8. d4 Nxd4 9. Bxf7+ Kxf7 10. Nxe5+ Ke8 11. Qxd4 d6 12. Nf3 c5 13. Qd3 Nd7 14. Bf4 c4 15. Qd2 Bf6 16. e5 dxe5 17. Nxe5 Nxe5 18. Bxe5 Qxd2 19. Nxd2 Kf7 20. Bxf6 Kxf6 21. Ne4+ Bxe4 22. Rxe4 Rhe8 23. Rxe8 Rxe8 24. Kf1 Rd8 25. Ke2 Re8+ 26. Kd2 b4 27. a3 Rd8+ 28. Ke3 b3 29. Rc1 Rb8 30. Kd4 Re8 31. Kxc4 Re2 32. Kxb3 Rxf2 33. Rg1 Ke6 34. c4 Kd6 35. Kc3 Re2 36. Rd1+ Kc6 37. Rd2 Re3+ 38. Kb4 Re5 39. b3 Re3 40. Rd5 h6 41. Rd4 g5 42. Rd2 Re5 43. Rf2 h5 44. Rf6+ Kb7 45. Rg6 g4 46. Rh6 Re2 47. Rxh5 Rxg2 48. Kc5 Rf2 49. Rh7+ Kb8 50. Kb6 Rf6+ 51. Ka5 1-0

[Event "Horst-Emscher - Krefeld"]
[Site "?"]
[Date "2024.04.07"]
[Round "8.1"]
[White "Gutkin, Ilya"]
[Black "Kotter, Ralf"]
[Result "0-1"]
[WhiteElo "2295"]
[BlackElo "2337"]
[PlyCount "150"]
[EventDate "2024.??.??"]
[SourceVersionDate "2023.09.04"]

1. Nf3 Nf6 2. g3 d5 3. Bg2 c6 4. c4 dxc4 5. O-O Bg4 6. a4 Nbd7 7. Na3 Bxf3 8. Bxf3 Ne5 9. Bg2 e6 10. b3 Bc5 11. Nxc4 Nxc4 12. bxc4 O-O 13. Rb1 Rb8 14. Bb2 Qe7 15. Qc2 Rfd8 16. Bc3 Rbc8 17. Rb3 Bd4 18. a5 Rc7 19. Bxd4 Rxd4 20. Rfb1 h5 21. d3 h4 22. Qb2 Rdd7 23. Qe5 hxg3 24. hxg3 Ng4 25. Qf4 f5 26. Bh3 Nh6 27. Qe3 a6 28. f4 Nf7 29. Kf2 Qf6 30. g4 fxg4 31. Bxg4 Re7 32. Kg3 e5 33. Rf1 g5 34. f5 Rcd7 35. Bf3 Nd6 36. Be4 Rh7 37. Rbb1 Rh4 38. Rh1 Rf4 39. Rh5 Qxf5 40. Kh2 Nxe4 41. dxe4 Qg4 42. Rh3 Rxe4 43. Qf3 Rxe2+ 44. Kh1 Qxf3+ 45. Rxf3 Kg7 46. Rfb3 Rc2 47. Rxb7 Rxb7 48. Rxb7+ Kf6 49. Rb6 Rxc4 50. Rxa6 Kf5 51. Kg2 Ke4 52. Ra8 Ke3 53. a6 Rc2+ 54. Kg3 Ra2 55. a7 e4 56. Kg4 Ra5 57. Kh5 Ke2 58. Kg4 e3 59. Kh5 c5 60. Kxg5 c4+ 61. Kf4 c3 62. Rc8 Ra4+ 63. Kg3 Rxa7 64. Rxc3 Kd2 65. Rc8 Rf7 66. Rd8+ Ke1 67. Ra8 Rd7 68. Ra1+ Rd1 69. Ra2 e2 70. Kf3 Rd3+ 71. Kg2 Re3 72. Ra1+ Kd2 73. Ra2+ Kd3 74. Ra3+ Kd4 75. Ra4+ Kc5 0-1

[Event "Horst-Emscher - Krefeld"]
[Site "?"]
[Date "2024.04.07"]
[Round "8.2"]
[White "Baerwolf, Steven"]
[Black "Hopman, Pieter"]
[Result "0-1"]
[WhiteElo "2236"]
[BlackElo "2309"]
[PlyCount "84"]
[EventDate "2024.??.??"]
[SourceVersionDate "2023.09.04"]

1. Nf3 d6 2. d4 g6 3. c4 Bg7 4. Nc3 Bg4 5. e3 c5 6. Be2 Nc6 7. d5 Na5 8. h3 Bd7 9. O-O a6 10. e4 b5 11. cxb5 axb5 12. Nxb5 Qb8 13. a4 Nb7 14. Qc2 Nf6 15. Bf4 O-O 16. Bh2 Rc8 17. Bc4 Ne8 18. Qe2 Na5 19. Rfb1 Nxc4 20. Qxc4 Bxb5 21. axb5 Rxa1 22. Rxa1 Bxb2 23. Rb1 Bg7 24. b6 Qb7 25. Qb5 Bc3 26. Bf4 Nf6 27. Qc4 Bb4 28. Bd2 Rb8 29. Bxb4 Qxb6 30. e5 Nd7 31. e6 fxe6 32. Qg4 Nf8 33. dxe6 cxb4 34. Ng5 Qc5 35. h4 Qe5 36. Rb3 Rc8 37. f4 Qd4+ 38. Kh2 Rc3 39. Nf3 Qc4 40. Rb1 b3 41. h5 Qxe6 42. Qg5 Rc5 0-1

[Event "Horst-Emscher - Krefeld"]
[Site "?"]
[Date "2024.04.07"]
[Round "8.3"]
[White "Kabos, Tobias"]
[Black "De Roda Husman, Juan"]
[Result "1-0"]
[WhiteElo "2301"]
[BlackElo "2257"]
[PlyCount "111"]
[EventDate "2024.??.??"]
[SourceVersionDate "2023.09.04"]

1. e4 c5 2. Nf3 Nc6 3. Bb5 e6 4. O-O Nge7 5. d4 cxd4 6. Nxd4 Ng6 7. Be3 Be7 8. Be2 O-O 9. c4 d6 10. Nc3 Bd7 11. Ndb5 Be8 12. Na4 Qb8 13. Rc1 b6 14. f4 Kh8 15. b3 Nd8 16. Qd3 Nb7 17. Rfd1 Bc6 18. Nd4 Bd7 19. g3 Rd8 20. Nc3 Be8 21. Qc2 Qc8 22. Bf3 a6 23. Qg2 Rb8 24. h4 Bf8 25. Bg4 Ne7 26. h5 Nc6 27. Nf3 f5 28. Bh3 Bxh5 29. exf5 exf5 30. Bxb6 Re8 31. Nd5 Nc5 32. Kh2 Re4 33. Rd2 Ne7 34. Ng5 Nxd5 35. cxd5 Re8 36. Ba5 Qd7 37. b4 Nb7 38. Bc7 Rbc8 39. Ne6 Bg4 40. Bxg4 fxg4 41. Qe2 Nd8 42. f5 Nf7 43. Qxg4 Ne5 44. Qe4 Be7 45. Rdc2 Bf6 46. Kg2 h6 47. Qe2 Ra8 48. Ba5 Rec8 49. Rc7 Rxc7 50. Rxc7 Qe8 51. Qe4 Qb5 52. Nxg7 Qa4 53. Nh5 Rf8 54. Nxf6 Rxf6 55. Qh4 Qxa2+ 56. Kh3 1-0

[Event "Horst-Emscher - Krefeld"]
[Site "?"]
[Date "2024.04.07"]
[Round "8.4"]
[White "Kroeger, Fabian"]
[Black "Van Mil, Lucas"]
[Result "1-0"]
[WhiteElo "2166"]
[BlackElo "2137"]
[PlyCount "91"]
[EventDate "2024.??.??"]
[SourceVersionDate "2023.09.04"]

1. e4 d6 2. d4 Nf6 3. Nc3 g6 4. Be3 c6 5. h3 Bg7 6. f4 Qa5 7. Qf3 d5 8. e5 Ne4 9. Bd3 Na6 10. Nge2 Nb4 11. O-O f5 12. exf6 Nxf6 13. g4 Nxd3 14. cxd3 O-O 15. Ng3 e6 16. Rae1 Qb4 17. Re2 Qd6 18. Rg2 Kh8 19. h4 Qe7 20. g5 Ne8 21. h5 Kg8 22. f5 exf5 23. Nce2 Nc7 24. hxg6 hxg6 25. Nf4 Qf7 26. Ngh5 Ne6 27. Nf6+ Bxf6 28. gxf6 Nxf4 29. Bxf4 Qxf6 30. Be5 Qh4 31. Rxg6+ Kf7 32. Qg2 Be6 33. Rg7+ Ke8 34. Qg6+ Bf7 35. Qxf5 Qh5 36. Rg5 Qxg5+ 37. Qxg5 Rg8 38. Bg7 Be6 39. Qg6+ Kd7 40. Rf7+ Bxf7 41. Qxf7+ Kd6 42. Kf2 c5 43. Be5+ Kc6 44. Qc7+ Kb5 45. Qxb7+ Ka4 46. Qc6+ 1-0

[Event "Horst-Emscher - Krefeld"]
[Site "?"]
[Date "2024.04.07"]
[Round "8.5"]
[White "Panjer, Sidney"]
[Black "Radulovic, Drazen"]
[Result "1-0"]
[WhiteElo "2112"]
[BlackElo "2221"]
[PlyCount "131"]
[EventDate "2024.??.??"]
[SourceVersionDate "2023.09.04"]

1. d4 c5 2. d5 Nf6 3. Nc3 d6 4. e4 g6 5. Nf3 Bg7 6. Be2 O-O 7. O-O Bg4 8. Nd2 Bxe2 9. Qxe2 Nbd7 10. Nc4 Nb6 11. Ne3 e6 12. Bd2 exd5 13. exd5 Re8 14. Qf3 Nfd7 15. b3 f5 16. Rad1 c4 17. Ne2 Rc8 18. Nf4 Nf8 19. Ba5 cxb3 20. cxb3 Qf6 21. Ne6 Nbd7 22. Nxg7 Qxg7 23. Rc1 Ne5 24. Qh3 Nfd7 25. Rcd1 Qf6 26. f4 Nf7 27. Nc4 b5 28. Bc3 Qd8 29. Ba5 Nb6 30. Nxb6 axb6 31. Bc3 Re4 32. Qd3 Qd7 33. Ba1 Qc7 34. Rf2 Qc5 35. Qd2 b4 36. h3 Qe3 37. Qb2 Qc3 38. Rc2 Qe3+ 39. Kh1 Rc3 40. Qb1 Rxc2 41. Qxc2 Qe2 42. Qxe2 Rxe2 43. Rc1 Kf8 44. Bf6 Nh6 45. Rc8+ Kf7 46. Bg5 Ng8 47. Rc7+ Kf8 48. Rc8+ Kf7 49. Rc7+ Kf8 50. Rc6 Rxa2 51. Rxb6 Rd2 52. Rxd6 Rd3 53. Rd8+ Kf7 54. Rd7+ Kf8 55. Rxh7 Rxd5 56. Rb7 Rd4 57. Kh2 Ke8 58. Rg7 Kf8 59. Rxg6 Rd3 60. Rb6 Rxb3 61. Rb7 Rb1 62. h4 b3 63. h5 Ke8 64. h6 Nxh6 65. Bxh6 Kd8 66. Bg7 1-0

[Event "Horst-Emscher - Krefeld"]
[Site "?"]
[Date "2024.04.07"]
[Round "8.6"]
[White "De Mie, Mariska"]
[Black "Dorner, Matthias"]
[Result "1/2-1/2"]
[WhiteElo "2103"]
[BlackElo "2186"]
[PlyCount "50"]
[EventDate "2024.??.??"]
[SourceVersionDate "2023.09.04"]

1. e4 c6 2. Nc3 d5 3. Nf3 dxe4 4. Nxe4 Nf6 5. Qe2 Nxe4 6. Qxe4 Qd5 7. Qf4 Qd6 8. Qe3 Bf5 9. c3 Nd7 10. d4 Qe6 11. Be2 Qxe3 12. Bxe3 e6 13. Nh4 Be4 14. f3 Bg6 15. Nxg6 hxg6 16. O-O-O Bd6 17. g3 Bc7 18. c4 Nf6 19. Bg5 O-O-O 20. a3 Bb6 21. c5 Bc7 22. Bc4 Rh5 23. f4 Rdh8 24. Bxf6 gxf6 25. h4 f5 1/2-1/2

[Event "Horst-Emscher - Krefeld"]
[Site "?"]
[Date "2024.04.07"]
[Round "8.7"]
[White "Reuter, Julian-Frank"]
[Black "Becker, Marco"]
[Result "1-0"]
[WhiteElo "2068"]
[BlackElo "1955"]
[PlyCount "99"]
[EventDate "2024.??.??"]
[SourceVersionDate "2023.09.04"]

1. Nf3 Nf6 2. g3 g6 3. Bg2 Bg7 4. d4 d5 5. O-O O-O 6. c4 c6 7. b3 Nbd7 8. Bb2 Ne4 9. Nbd2 Ndf6 10. e3 Bg4 11. Rc1 Qa5 12. a3 Nxd2 13. Qxd2 Qxd2 14. Nxd2 Rac8 15. Rfe1 Rfd8 16. b4 Be6 17. c5 g5 18. a4 Bf5 19. b5 g4 20. Nb3 Bd7 21. Na5 Rb8 22. Bf1 Ne4 23. Bd3 f5 24. Re2 Kf7 25. Rb1 Rdc8 26. Ba1 a6 27. bxa6 bxa6 28. Reb2 Rxb2 29. Rxb2 Nxc5 30. dxc5 Bxb2 31. Bxb2 Rb8 32. Bc3 Ra8 33. Nb3 e6 34. a5 Ke7 35. Nd4 Kd8 36. Nc2 Kc7 37. Be5+ Kb7 38. Nb4 Ra7 39. Kf1 Ra8 40. Ke2 h5 41. Kd2 Be8 42. Kc3 Bd7 43. Kd4 Be8 44. Bd6 Ra7 45. Ke5 Bd7 46. Kf6 Ra8 47. Ke7 Bc8 48. Be5 Ra7 49. Kd6 Ra8 50. Nxc6 1-0

[Event "Horst-Emscher - Krefeld"]
[Site "?"]
[Date "2024.04.07"]
[Round "8.8"]
[White "Goeldenboog, Juergen"]
[Black "Van Gool, Rudi"]
[Result "0-1"]
[WhiteElo "1952"]
[BlackElo "2153"]
[PlyCount "114"]
[EventDate "2024.??.??"]
[SourceVersionDate "2023.09.04"]

1. d4 d5 2. c4 e6 3. Nc3 Nf6 4. Bg5 Be7 5. e3 O-O 6. Nf3 Nbd7 7. cxd5 exd5 8. Bd3 c6 9. O-O h6 10. Bh4 Ne4 11. Bxe7 Qxe7 12. Qc2 Re8 13. Rab1 Ndf6 14. b4 Nxc3 15. Qxc3 Ne4 16. Qc2 Nd6 17. b5 cxb5 18. Bxb5 Bf5 19. Bd3 Rec8 20. Qe2 Bxd3 21. Qxd3 Rc7 22. Rfc1 Rac8 23. Rxc7 Qxc7 24. Ne1 Qa5 25. Qe2 Rc3 26. Kf1 Qc7 27. g3 Ne4 28. f3 Nd6 29. Rb3 Rc1 30. Kf2 Qc8 31. Qd2 b6 32. g4 Qc7 33. Kg2 Rc6 34. Qf2 Rc1 35. Qd2 Rc4 36. h3 Rc6 37. Qf2 Rc1 38. Qd2 Qc8 39. Kg3 Qc4 40. Kf2 Qc7 41. Kg2 h5 42. Qf2 hxg4 43. hxg4 g6 44. Rb2 Nc4 45. Rc2 Nxe3+ 46. Qxe3 Rxc2+ 47. Nxc2 Qxc2+ 48. Kg3 Qc7+ 49. Kh4 Qh2+ 50. Kg5 Kg7 51. Qe5+ Qxe5+ 52. dxe5 Kf8 53. Kf4 Ke7 54. Ke3 Ke6 55. Kd4 g5 56. a3 a6 57. a4 a5 0-1

[Event "Bünde - Essen-Werden"]
[Site "?"]
[Date "2024.04.07"]
[Round "8.1"]
[White "Kaufeld, Juergen"]
[Black "Brunke, Pascal"]
[Result "1/2-1/2"]
[WhiteElo "2260"]
[BlackElo "2263"]
[PlyCount "70"]
[EventDate "2024.??.??"]
[SourceVersionDate "2023.09.04"]

1. e4 e6 2. d4 d5 3. Nc3 Nf6 4. Bg5 dxe4 5. Nxe4 Nbd7 6. Nxf6+ Nxf6 7. Nf3 h6 8. Bh4 c5 9. Bc4 cxd4 10. O-O Bd6 11. Qe2 Qc7 12. Rad1 Bd7 13. Rxd4 Bc6 14. Bxe6 Bxf3 15. Qxf3 fxe6 16. Bxf6 O-O 17. Rg4 Bxh2+ 18. Kh1 Be5 19. Bxe5 Qxe5 20. Qe4 Qxb2 21. Qxe6+ Kh8 22. Qg6 Rac8 23. Re1 Rc6 24. Re6 Rxe6 25. Qxe6 Qxc2 26. Qd7 Qb2 27. f3 Qa1+ 28. Kh2 Qe5+ 29. Kg1 Re8 30. Qxb7 Qc5+ 31. Kh2 Qe5+ 32. Kg1 Qe1+ 33. Kh2 Qe5+ 34. Kg1 Qc5+ 35. Kh2 Qh5+ 1/2-1/2

[Event "Bünde - Essen-Werden"]
[Site "?"]
[Date "2024.04.07"]
[Round "8.2"]
[White "Nordsieck, Thomas"]
[Black "Kauch, Markus"]
[Result "1/2-1/2"]
[WhiteElo "2304"]
[BlackElo "2123"]
[PlyCount "81"]
[EventDate "2024.??.??"]
[SourceVersionDate "2023.09.04"]

1. e4 c5 2. Nf3 Nc6 3. c3 Nf6 4. e5 Nd5 5. d4 cxd4 6. Bc4 Nb6 7. Bb3 d5 8. exd6 Qxd6 9. O-O Be6 10. Bxe6 Qxe6 11. Nxd4 Nxd4 12. Qxd4 Rd8 13. Qh4 Qc6 14. Nd2 e6 15. Nf3 Be7 16. Bg5 Bxg5 17. Nxg5 h6 18. Rad1 Qc7 19. Nf3 O-O 20. Qe4 Rd5 21. Rxd5 Nxd5 22. Rd1 Rc8 23. Ne5 Nf6 24. Qd4 a6 25. h3 Qa5 26. a3 Qb5 27. c4 Qa4 28. Rd3 Qa5 29. b4 Qc7 30. Qd6 Qxd6 31. Rxd6 Kf8 32. c5 Ke7 33. Rb6 Rc7 34. c6 bxc6 35. Nxc6+ Kd6 36. Na5+ Kd5 37. Rxa6 Ne4 38. f3 Rc1+ 39. Kh2 Nd6 40. Nb3 Rc2 41. Nc5 1/2-1/2

[Event "Bünde - Essen-Werden"]
[Site "?"]
[Date "2024.04.07"]
[Round "8.3"]
[White "Roth, Markus"]
[Black "Kettler, Ilija Jonas"]
[Result "1-0"]
[WhiteElo "2174"]
[BlackElo "2154"]
[PlyCount "47"]
[EventDate "2024.??.??"]
[SourceVersionDate "2023.09.04"]

1. Nf3 d5 2. c4 e6 3. g3 Nf6 4. Bg2 Be7 5. O-O O-O 6. b3 c5 7. e3 Nc6 8. d3 e5 9. cxd5 Nxd5 10. Bb2 f6 11. d4 cxd4 12. exd4 e4 13. Nfd2 f5 14. a3 Nb6 15. b4 Bf6 16. Nb3 Na4 17. Ra2 Be6 18. Ba1 Qd5 19. N1d2 Nxd4 20. Nxd4 Bxd4 21. Rc2 Rad8 22. Nxe4 fxe4 23. Rd2 Rxf2 24. Rxd4 1-0

[Event "Bünde - Essen-Werden"]
[Site "?"]
[Date "2024.04.07"]
[Round "8.4"]
[White "Brunke, Christian"]
[Black "Mann, Gergely"]
[Result "1-0"]
[WhiteElo "2146"]
[BlackElo "2060"]
[PlyCount "79"]
[EventDate "2024.??.??"]
[SourceVersionDate "2023.09.04"]

1. e4 c6 2. Nc3 d5 3. Nf3 dxe4 4. Nxe4 Nf6 5. Qe2 Nxe4 6. Qxe4 Nd7 7. Bc4 Nf6 8. Ne5 e6 9. Qe2 b5 10. Bd3 Qc7 11. a4 Bd6 12. Nxc6 b4 13. Nd4 a6 14. Nf5 Bb7 15. Nxd6+ Qxd6 16. O-O h5 17. Qe3 b3 18. c3 Nd5 19. Qf3 Rh6 20. Be4 f5 21. Bxd5 Bxd5 22. Qe2 h4 23. d4 Rg6 24. f3 Kf7 25. Qe5 Qc6 26. Qf4 Qc4 27. Qxh4 Qe2 28. Qf2 Qc4 29. a5 Qc7 30. Qh4 Rd8 31. Bf4 Qc8 32. Qe1 Qc6 33. Qe3 Qb5 34. h4 Rh8 35. Bg5 Qb8 36. Qe5 Qb7 37. Ra4 Bxf3 38. Rb4 Qc6 39. Rb6 Rxg5 40. hxg5 1-0

[Event "Bünde - Essen-Werden"]
[Site "?"]
[Date "2024.04.07"]
[Round "8.5"]
[White "Berger, Konstantin"]
[Black "Brosig, Boris"]
[Result "1/2-1/2"]
[WhiteElo "2073"]
[BlackElo "2214"]
[PlyCount "76"]
[EventDate "2024.??.??"]
[SourceVersionDate "2023.09.04"]

1. e4 c5 2. Nf3 e6 3. g3 Nc6 4. Bg2 Nf6 5. Qe2 Qc7 6. O-O d6 7. c3 Be7 8. d4 d5 9. exd5 Nxd5 10. c4 Nf6 11. dxc5 Bxc5 12. Nc3 O-O 13. Bf4 Qe7 14. Rad1 Re8 15. Bg5 h6 16. Bh4 Qc7 17. Bxf6 gxf6 18. Nd5 Qd8 19. Nb4 Qb6 20. Nd5 Qd8 21. Nb4 Qb6 22. Nxc6 bxc6 23. Nh4 Be7 24. Qg4+ Kh7 25. Qe4+ f5 26. Qxc6 Ba6 27. Qxb6 axb6 28. Bxa8 Rxa8 29. b3 b5 30. Ng2 bxc4 31. Rfe1 Bf6 32. bxc4 Bxc4 33. Rd7 Kg7 34. Rc1 Bxa2 35. Ne3 Bd8 36. Ra1 Bf6 37. Rc1 Bd8 38. Ra1 Bf6 1/2-1/2

[Event "Bünde - Essen-Werden"]
[Site "?"]
[Date "2024.04.07"]
[Round "8.6"]
[White "Moradi Kahlou, Benjamin"]
[Black "ter Steeg, Marcus"]
[Result "1/2-1/2"]
[WhiteElo "2053"]
[BlackElo "1976"]
[PlyCount "71"]
[EventDate "2024.??.??"]
[SourceVersionDate "2023.09.04"]

1. c4 c5 2. g3 Nc6 3. Bg2 g6 4. Nc3 Bg7 5. Nf3 Nf6 6. Rb1 d5 7. cxd5 Nxd5 8. Qb3 Nb6 9. d3 Nd4 10. Nxd4 cxd4 11. Ne4 O-O 12. Qa3 Bd7 13. Bd2 Bc6 14. O-O f5 15. Ng5 Bxg2 16. Kxg2 Qd5+ 17. Kg1 h6 18. Nf3 e5 19. Rfc1 e4 20. Ne1 Rf7 21. Qa5 Qe6 22. Ng2 Nd5 23. Qb5 e3 24. fxe3 dxe3 25. Be1 f4 26. Nxf4 Nxf4 27. gxf4 Qg4+ 28. Bg3 h5 29. Qg5 Qxe2 30. Qxg6 Re8 31. Rc7 Rxc7 32. Qxe8+ Kh7 33. Qe4+ Kh8 34. Qe8+ Kh7 35. Qe4+ Kh8 36. Qe8+ 1/2-1/2

[Event "Bünde - Essen-Werden"]
[Site "?"]
[Date "2024.04.07"]
[Round "8.7"]
[White "Huette, Stefan"]
[Black "Altenbernd, Jannis-Domenik"]
[Result "1/2-1/2"]
[WhiteElo "2056"]
[BlackElo "2000"]
[PlyCount "78"]
[EventDate "2024.??.??"]
[SourceVersionDate "2023.09.04"]

1. d4 Nf6 2. Nf3 d5 3. c3 e6 4. e3 Nbd7 5. Bd3 Bd6 6. O-O b6 7. b3 Bb7 8. Bb2 O-O 9. Nbd2 c5 10. c4 Re8 11. Ne5 Ne4 12. cxd5 exd5 13. Nxe4 Bxe5 14. dxe5 dxe4 15. Bb5 Re7 16. e6 fxe6 17. Qg4 Qc7 18. Qg5 Rf7 19. Bc4 Re8 20. Rad1 Nf6 21. Be5 Qc8 22. Bxf6 Rxf6 23. Rd6 Ba6 24. Bxa6 Qxa6 25. Rd7 Rg6 26. Qh4 Qxa2 27. Rd8 Rxd8 28. Qxd8+ Kf7 29. Qc7+ Kg8 30. Qb8+ Kf7 31. Rd1 Rf6 32. Rd7+ Kg6 33. Qg3+ Kh5 34. Qh3+ Kg5 35. Qg3+ Kh5 36. h4 Qa1+ 37. Kh2 Rg6 38. Qf4 Qf6 39. Qxf6 Rxf6 1/2-1/2

[Event "Bünde - Essen-Werden"]
[Site "?"]
[Date "2024.04.07"]
[Round "8.8"]
[White "Danielmeier, Ralf"]
[Black "Rehfeldt, Jens"]
[Result "1-0"]
[WhiteElo "2051"]
[BlackElo "2025"]
[PlyCount "47"]
[EventDate "2024.??.??"]
[SourceVersionDate "2023.09.04"]

1. e4 e5 2. Bc4 d6 3. Nc3 Nf6 4. d3 Be7 5. f4 exf4 6. Bxf4 O-O 7. Nf3 Nc6 8. a3 Bg4 9. h3 Bh5 10. O-O Ne5 11. Bxe5 dxe5 12. Qe1 c6 13. Kh1 Qc7 14. Qg3 b5 15. Bb3 Bd6 16. Nh4 Kh8 17. Qg5 Bg6 18. Rxf6 Be7 19. Nxg6+ hxg6 20. Rxc6 Qd7 21. Qxe5 Qxc6 22. Qxe7 Qb6 23. Qh4+ Kg8 24. Nd5 1-0

[Event "Düsseldorf 2 - Iserlohn"]
[Site "?"]
[Date "2024.04.07"]
[Round "8.1"]
[White "Scheider, Julian"]
[Black "De Gleria, Francesco"]
[Result "0-1"]
[WhiteElo "2294"]
[BlackElo "2373"]
[PlyCount "44"]
[EventDate "2024.??.??"]
[SourceVersionDate "2023.09.04"]

1. e4 e5 2. Nf3 Nc6 3. d4 exd4 4. Nxd4 Nf6 5. Nxc6 bxc6 6. e5 Qe7 7. Qe2 Nd5 8. c4 Nb6 9. Nc3 Qe6 10. Qe4 Bb7 11. b3 Bb4 12. Bd2 O-O-O 13. O-O-O c5 14. Qe3 Rhe8 15. Kb2 d6 16. a3 Ba5 17. f4 dxe5 18. Qxc5 Bxc3+ 19. Kxc3 exf4 20. Kb4 Qe4 21. Re1 Qc2 22. Bc3 Nd7 0-1

[Event "Düsseldorf 2 - Iserlohn "]
[Site "?"]
[Date "2024.04.07"]
[Round "8.2"]
[White "Hoenig, Alexander"]
[Black "Eckardt, Joshua"]
[Result "0-1"]
[WhiteElo "2170"]
[BlackElo "2254"]
[PlyCount "52"]
[EventDate "2024.??.??"]
[SourceVersionDate "2023.09.04"]

1. d4 Nf6 2. c4 g6 3. Nc3 d5 4. Bf4 Bg7 5. e3 c5 6. dxc5 Qa5 7. Rc1 Ne4 8. cxd5 Nxc3 9. Qd2 Qxc5 10. bxc3 O-O 11. c4 e5 12. dxe6 Bxe6 13. Bd6 Qc8 14. Bxf8 Qxf8 15. Ne2 Nc6 16. Nf4 Rd8 17. Nd5 b5 18. e4 f5 19. cxb5 fxe4 20. Rxc6 Bxd5 21. Rc7 Be5 22. Rc8 Rxc8 23. Qxd5+ Qf7 24. Qxe5 Qxa2 25. Be2 Qa5+ 26. Kd1 Qd8+ 0-1

[Event "Düsseldorf 2 - Iserlohn "]
[Site "?"]
[Date "2024.04.07"]
[Round "8.3"]
[White "Schulze, Marc"]
[Black "von Buenau, Heinrich"]
[Result "1-0"]
[WhiteElo "2213"]
[BlackElo "2178"]
[PlyCount "117"]
[EventDate "2024.??.??"]
[SourceVersionDate "2023.09.04"]

1. e4 c6 2. Nc3 d5 3. Nf3 g6 4. h3 Bg7 5. d4 dxe4 6. Nxe4 Nf6 7. Nxf6+ exf6 8. Bc4 Be6 9. Bxe6 fxe6 10. O-O Kf7 11. Re1 Re8 12. c3 Nd7 13. Qb3 Qb6 14. Bf4 Qxb3 15. axb3 Bf8 16. b4 Nb6 17. Nd2 g5 18. Bg3 Nd5 19. Nc4 Red8 20. Re2 Rd7 21. Rf1 Nb6 22. Nd2 a5 23. bxa5 Rxa5 24. f4 Bd6 25. Ne4 Bxf4 26. Bxf4 gxf4 27. Rxf4 Nd5 28. Rf1 f5 29. Ng5+ Kf6 30. Nxe6 Re7 31. Rfe1 Ra2 32. Nc5 Rxb2 33. Nd7+ Rxd7 34. Rxb2 Nxc3 35. Rd2 Nb5 36. d5 cxd5 37. Rb1 Nc3 38. Rb6+ Ke5 39. Rdb2 d4 40. Rxb7 Rxb7 41. Rxb7 d3 42. Rd7 Ke4 43. Kf2 h5 44. h4 f4 45. Re7+ Kd4 46. Kf3 Nd5 47. Rh7 Nc3 48. Rd7+ Nd5 49. Rd8 Ke5 50. Rh8 Nf6 51. Rd8 Nd5 52. Rh8 Nf6 53. Rc8 Kd4 54. Rc1 Nd5 55. Rc6 Nc3 56. Rh6 Kc4 57. Rd6 Ne2 58. Ke4 Nc1 59. Rc6+ 1-0

[Event "Düsseldorf 2 - Iserlohn"]
[Site "?"]
[Date "2024.04.07"]
[Round "8.4"]
[White "Klaska, Philipp Leon"]
[Black "Schmuecker, Marcus"]
[Result "1/2-1/2"]
[WhiteElo "2150"]
[BlackElo "2161"]
[PlyCount "71"]
[EventDate "2024.??.??"]
[SourceVersionDate "2023.09.04"]

1. e4 c5 2. Nf3 e6 3. g3 Nc6 4. Bg2 Nf6 5. Qe2 d5 6. e5 Nd7 7. O-O Qc7 8. Re1 Be7 9. d3 b5 10. Bf4 b4 11. c4 dxc4 12. dxc4 Bb7 13. Nbd2 h6 14. Ne4 O-O-O 15. h4 Ncxe5 16. Nxe5 Nxe5 17. a3 g5 18. hxg5 hxg5 19. Bxe5 Qxe5 20. axb4 cxb4 21. Rxa7 Rd7 22. Rea1 f5 23. Nc3 Qxe2 24. Nxe2 Rhd8 25. Bxb7+ Rxb7 26. Ra8+ Rb8 27. R8a6 Rd6 28. Rxd6 Bxd6 29. Ra6 Kd7 30. b3 Be5 31. f4 gxf4 32. gxf4 Bf6 33. Kf2 Rh8 34. Ra7+ Kd6 35. Ra6+ Kd7 36. Ra7+ 1/2-1/2